COPEPODA Z INTERSTICIÁLNÍCH VOD NÁPLAVŮ NĚKTERÝCH SLOVENSKÝCH TOKŮ

Bibliographic Details
Main Author: Štěrba, Otakar, 1933- (Author)
Format: Article
Language:Czech

MARC

LEADER 00000nab a2200000uu 4500
001 vtls011452070
003 SK-MaSNL
005 20260303123334.0
008 230213|1962 xo |||||||||||||||||cze|
015 |a SNBRB 
035 |a (urnnbn)urn:nbn:sk:snk:ar-007ixt 
035 |a (uuid)63e92d10-9bbc-4dbd-be41-2b9f1c4372cf 
035 |a urn:nbn:sk:snk-abcnvx 
040 |a SNKBUCL  |b slo  |c SNKBUCL  |e AACR2 
041 0 |a cze 
044 |a xo  |c SK 
100 1 |a Štěrba, Otakar,  |d 1933-  |4 aut  |9 123316 
245 1 0 |a COPEPODA Z INTERSTICIÁLNÍCH VOD NÁPLAVŮ NĚKTERÝCH SLOVENSKÝCH TOKŮ  |c Otakar Štěrba 
773 0 |t Biológia : časopis Slovenskej akadémie vied  |g Roč. 17, č. 12 (1962), s. 893-901 
954 |a odborná, vedecká literatúra pôvodná (slovenská)  |2 lita 
958 |a OND 
958 |a EUIPO 
958 |a article16 
999 |c 1925364  |d 1927294